Wontner's guide to Land Registry practice (Record no. 104728)
[ view plain ]
| 000 -LEADER | |
|---|---|
| fixed length control field | 00945cam a2200277 4500 |
| 001 - CONTROL NUMBER | |
| control field | ##L131369 |
| 008 - FIXED-LENGTH DATA ELEMENTS--GENERAL INFORMATION | |
| fixed length control field | 051026n2005 000 0 eng u |
| 020 ## - INTERNATIONAL STANDARD BOOK NUMBER | |
| International Standard Book Number | 0421900407 |
| 035 ## - SYSTEM CONTROL NUMBER | |
| System control number | (Sirsi) u131369 |
| 041 0# - LANGUAGE CODE | |
| Language code of text/sound track or separate title | eng |
| 050 04 - LIBRARY OF CONGRESS CALL NUMBER | |
| Classification number | 346.41043 $2 18 |
| 100 1# - MAIN ENTRY--PERSONAL NAME | |
| Personal name | Timothy, Patrick |
| 245 00 - TITLE STATEMENT | |
| Title | Wontner's guide to Land Registry practice |
| 250 ## - EDITION STATEMENT | |
| Edition statement | 21st ed. |
| 260 3# - PUBLICATION, DISTRIBUTION, ETC. | |
| Place of publication, distribution, etc. | London |
| Name of publisher, distributor, etc. | Sweet and Maxwell |
| Date of publication, distribution, etc. | 2005 |
| 300 ## - PHYSICAL DESCRIPTION | |
| Extent | xxvii, 287p. |
| Dimensions | 22cm. |
| 350 ## - PRICE (NR) (BK AM CF MU VM SE) [OBSOLETE] | |
| Price | 79 |
| 520 ## - SUMMARY, ETC. | |
| Summary, etc. | Contains new guidance on the Land Registration Act 2002 and the Land Registration Rules 2003 and contains new chapters on commonhold law and stamp duty land tax. |
| 520 ## - SUMMARY, ETC. | |
| Summary, etc. | Accompanied by a CD-ROM (L145252) which is not available for loan. |
| 590 ## - LOCAL NOTE (RLIN) | |
| Local note | IKA061205 |
| 650 24 - SUBJECT ADDED ENTRY--TOPICAL TERM | |
| Topical term or geographic name entry element | LAND REGISTRATION ACT 2002 |
| 650 24 - SUBJECT ADDED ENTRY--TOPICAL TERM | |
| Topical term or geographic name entry element | LAND REGISTRATION RULES 2003 |
| 690 ## - LOCAL SUBJECT ADDED ENTRY--TOPICAL TERM (OCLC, RLIN) | |
| Topical term or geographic name as entry element | PROPERTY-PROPERTY ACQUISITION AND DISPOSAL |
| 700 1# - ADDED ENTRY--PERSONAL NAME | |
| Personal name | Barker, Alison |
| 942 ## - ADDED ENTRY ELEMENTS (KOHA) | |
| Suppress in OPAC | 0 |
| Withdrawn status | Lost status | Source of classification or shelving scheme | Damaged status | Not for loan | Home library | Current library | Shelving location | Date acquired | Cost, normal purchase price | Total Checkouts | Full call number | Barcode | Date last seen | Date last checked out | Copy number | Cost, replacement price | Price effective from | Koha item type |
|---|---|---|---|---|---|---|---|---|---|---|---|---|---|---|---|---|---|---|
| Dewey Decimal Classification | London | London | Books | 02/12/2005 | 80.38 | 6 | 346.41043 TIM | 30071438 | 06/08/2019 | 07/03/2008 | 1 | 80.38 | 06/08/2019 | Book |